LEADER 01297nas 2200457-a 450 001 996207241903316 005 20230222213018.0 011 $a1744-8735 035 $a(DE-599)ZDB2207661-X 035 $a(OCoLC)61265240 035 $a(CKB)1000000000026240 035 $a(CONSER)--2006249099 035 $a(EXLCZ)991000000000026240 100 $a20050815a20059999 s-- a 101 0 $aeng 135 $aurcnu|||||||| 181 $ctxt$2rdacontent 182 $cc$2rdamedia 183 $acr$2rdacarrier 200 10$aSikh formations 210 $aLondon ;$aNew York $cTaylor & Francis Group$dİ2005- 300 $aRefereed/Peer-reviewed 300 $a"Religion, culture, theory." 300 $aTitle from journal contents page (Taylor & Francis, viewed Aug. 15, 2005). 311 $a1744-8727 531 $aSIKH FORMATIONS 606 $aSikhism$vPeriodicals 606 $aSikhs$vPeriodicals 606 $aSikhism$2fast$3(OCoLC)fst01118413 606 $aSikhs$2fast$3(OCoLC)fst01118436 608 $aPeriodicals.$2fast 610 $aEastern Religions 615 0$aSikhism 615 0$aSikhs 615 7$aSikhism. 615 7$aSikhs. 676 $a294.6 906 $aJOURNAL 912 $a996207241903316 996 $aSikh formations$92024753 997 $aUNISA LEADER 01037nam 2200361 450 001 9910698342803321 005 20231006002647.0 035 $a(CKB)4910000000421777 035 $a(OCoLC)1286080350 035 $a(EXLCZ)994910000000421777 100 $a20211123d1976 ua 0 101 0 $aeng 135 $aur||||||||||| 181 $ctxt$2rdacontent 182 $cc$2rdamedia 183 $acr$2rdacarrier 200 10$aLiberia /$fprepared by Edward Sourian 210 1$a[Washington, D.C.] :$cLaw Library, Library of Congress,$d1976. 215 $a1 online resource (1 leaf) 300 $aTitle devised by Library staff. 300 $aTypescript. 300 $a"February 1976. " 320 $aIncludes bibliographical references. 606 $aCitizenship$zLiberia 615 0$aCitizenship 700 $aSourian$b Edward$01387895 712 02$aLibrary of Congress.$bLaw Library, 801 0$bDLC 801 1$bGPO 906 $aBOOK 912 $a9910698342803321 996 $aLiberia$93475606 997 $aUNINA